00950 a2200217 4500003000500000005001700005010001600022020001700038040000900055082001800064100003100082245005700113250001200170260004200182300002100224505026100245650006800506942001200574999001900586952012700605Nust20230125094731.0 a 93930592 a969816202X : cNust00a891.42099,JAV1 aJaveid, Inamul Haq,96691710aPakistan in Punjabi literature /cInamul Haq Javeid. a1st ed. aIslamabad :bMaktaba-i-Fanoos,c1993. a120 p. ;c22 cm. aBefore and after the Glorious (Page-13), Nation at war (1965-1971) (Page-39), Significant dates Heroes Flag and other topics (Page-63), General Trends (Page-83), The Patriotic Element in Literature (Page-99), Conclusion (Page-113), Bibliography (Page-117). 0aPanjabi literaturey20th centuryxHistory and criticism.916856 2ddccBK c186083d186083 00102ddc4070aMCSbMCScGENd2016-12-12o891.42099,JAVpMCS21224r2016-12-08w2016-12-12yBKzAlmirah No.58, Shelf No.2